000 01504nam a2200469 i 4500
001 7658
003 KOSZ 005
005 20200429151757.0
008 060201s1973 pl a f |000 0 pol
015 _aPB 1974/3461
035 _a991029491699705066
035 _a(PL-WaBN)b17965585-48omnis_nlop
035 _ab17965585
035 _a(OCoLC)749211907
035 _a(PL)b0000001796558
035 _a(EXLNZ-48OMNIS_NETWORK)9910487683505606
040 _aWA N
_cWA N
_dKOSZ 005/EC
_dKOSZ 005/HR
041 0 _apol
046 _k1971
080 _a696
080 _a628.1
100 1 _aMarczuk, Mikołaj
_d(1914-1997).
_eAutor
245 1 0 _aProjektowanie i eksploatacja urządzeń hydroforowych /
_cMikołaj Marczuk.
250 _aWyd. 2 popr. i uzup.
260 _aWarszawa :
_b"Arkady",
_c1973 :
_f(Krak. Zakł. Graf.).
300 _a263, [1] s. :
_bil., tab., wykr., err. ;
_c25 cm.
336 _2rdacontent
_aTekst
_btxt
337 _2rdamedia
_aBez urządzenia pośredniczącego
_bn
338 _2rdacarrier
_aWolumin
_bnc
380 _aKsiążki
380 _aPublikacje fachowe
388 _a1901-2000
388 _a1945-1989
504 _aBibliogr.
650 7 _aHydrofory
658 _aArchitektura i budownictwo
658 _aInżynieria i technika
710 2 _aWydawnictwo Arkady
_4pbl
856 _uhttp://koha.tu.koszalin.pl/cgi-bin/koha/opac-detail.pl?biblionumber=7658
_yKatalog online BPK
942 _2UKD
_cKS
999 _c7658
_d7658